Statistiken für Österreichische Bundesländer nach Anzahl der Gemeinden

Klicken Sie hier um das Quiz zu spielen!

Allgemein

  • Dieses Quiz wurde 81 mal gespielt
  • Das Durchschnittsergebnis liegt bei 8 aus 9

Antwortstatistiken

GemeindenBundesland% Korrekt
573Niederösterreich
97%
438Oberösterreich
96%
171Burgenland
91%
279Tirol
91%
286Steiermark
90%
1Wien
87%
96Vorarlberg
84%
132Kärnten
83%
119Salzburg
83%

Verteilung der Resultate

Perzentil nach korrekt beantworteten Fragen

Anzahl Personen mit jedem Resultat

Ihre Resultats-Entwicklung

Sie haben dieses Quiz noch nicht gespielt